000 00469nam a2200157 i 4500
001 85735
003 ES-MaACL
005 20230906175309.0
007 t|
008 041201s1979 sp ||||1| spa d
100 0 _aJuan Pablo
_bII
_cPapa, Santo.
_9162513
245 1 0 _aEnseƱanzas al pueblo de Dios
_b: 1978 /
_cJuan Pablo II, Papa.
260 _aMadrid, etc. :
_b[Edica],
_c1979 (
_fFareso)
300 _aXVI, 400 p. ;
_c24 cm.
852 _aES-MaACL
_jA-10559
_bR.99736
999 _c85735
_d85735